[Event "chess.com gf blitz 5m+2spm"]
[Site "Chess.com INT"]
[Date "2016.04.06"]
[Round "3"]
[White "Grischuk, Alexander"]
[Black "Aronian, Levon"]
[Result "1/2-1/2"]
[WhiteElo "2752"]
[BlackElo "2784"]
[PlyCount "123"]
[EventDate "2016.04.06"]
[EventType "match (blitz)"]
[EventRounds "26"]
[EventCountry "USA"]
[SourceTitle "EXT 2017"]
[Source "ChessBase"]
[SourceDate "2016.10.25"]
[SourceVersion "1"]
[SourceVersionDate "2016.10.25"]
[SourceQuality "1"]

1. d4 Nf6 2. c4 e6 3. Nf3 d5 4. Nc3 Nbd7 5. Bg5 Be7 6. e3 h6 7. Bh4 O-O 8. Qc2
a6 9. cxd5 exd5 10. Bd3 c6 11. O-O Nh5 12. Bxe7 Qxe7 13. Rfe1 Re8 14. e4 dxe4
15. Rxe4 Qf8 16. Rxe8 Qxe8 17. Re1 Qd8 18. d5 Nhf6 19. dxc6 bxc6 20. Ne4 Qc7
21. Bc4 Bb7 22. Nxf6+ Nxf6 23. Ne5 Re8 24. Qc3 Re7 25. Nd3 Nd5 26. Bxd5 cxd5
27. Qxc7 Rxc7 28. Rc1 Re7 29. f3 f6 30. Kf2 Kf7 31. Re1 d4 32. Rxe7+ Kxe7 33.
Nc5 Bc8 34. Nb3 Be6 35. Nxd4 Bxa2 36. Nf5+ Kf7 37. Ke3 Bb1 38. Nd4 Ke7 39. Nb3
Kd6 40. Kd4 Bf5 41. Na5 Bd7 42. h4 g5 43. g3 Bb5 44. Nb3 Be2 45. Nd2 Ke6 46.
Ke3 Bb5 47. hxg5 fxg5 48. f4 Kf5 49. fxg5 hxg5 50. Nf3 Kg4 51. b4 Ba4 52. Kf2
Bb3 53. Nd4 Bd5 54. Ne2 Kf5 55. Ke3 Ke5 56. Nc3 Bc6 57. Kd3 Bd7 58. Ke3 Bc6 59.
Kd3 Bd7 60. Ke3 Bc6 61. Kd3 Bd7 62. Ke3 1/2-1/2

[Event "chess.com gf blitz 5m+2spm"]
[Site "Chess.com INT"]
[Date "2016.04.06"]
[Round "4"]
[White "Aronian, Levon"]
[Black "Grischuk, Alexander"]
[Result "1-0"]
[WhiteElo "2784"]
[BlackElo "2752"]
[PlyCount "111"]
[EventDate "2016.04.06"]
[EventType "match (blitz)"]
[EventRounds "26"]
[EventCountry "USA"]
[SourceTitle "EXT 2017"]
[Source "ChessBase"]
[SourceDate "2016.10.25"]
[SourceVersion "1"]
[SourceVersionDate "2016.10.25"]
[SourceQuality "1"]

1. d4 Nf6 2. Nf3 g6 3. Nc3 d5 4. Bf4 Bg7 5. e3 O-O 6. h3 c5 7. dxc5 Ne4 8. Nxe4
dxe4 9. Qxd8 Rxd8 10. Nd4 e5 11. Bg5 f6 12. Nb5 Na6 13. Bc4+ Kf8 14. Bh4 Nxc5
15. Nc3 g5 16. Bg3 f5 17. f3 exf3 18. gxf3 Be6 19. Bxe6 Nxe6 20. h4 h6 21. hxg5
hxg5 22. a4 Rac8 23. a5 e4 24. O-O Bxc3 25. bxc3 Rxc3 26. fxe4 f4 27. Bf2 Ke7
28. exf4 gxf4 29. Bh4+ Ke8 30. Bxd8 Kxd8 31. Rab1 Kc7 32. Rb5 Nd4 33. Rd5 Rg3+
34. Kh2 Nf3+ 35. Kh1 Rh3+ 36. Kg2 Rg3+ 37. Kf2 Ng5 38. Ke1 Re3+ 39. Kd1 Nxe4
40. Rd3 Rxd3+ 41. cxd3 Nc3+ 42. Kd2 Nd5 43. d4 b6 44. a6 b5 45. Kd3 Kb6 46. Ke4
Nc3+ 47. Ke5 b4 48. d5 b3 49. d6 b2 50. Ke6 Ne4 51. Rb1 Kc6 52. Rxb2 f3 53.
Rc2+ Nc5+ 54. Ke7 Kd5 55. d7 Nxd7 56. Kxd7 1-0

[Event "chess.com gf blitz 5m+2spm"]
[Site "Chess.com INT"]
[Date "2016.04.06"]
[Round "5"]
[White "Grischuk, Alexander"]
[Black "Aronian, Levon"]
[Result "1/2-1/2"]
[WhiteElo "2752"]
[BlackElo "2784"]
[PlyCount "267"]
[EventDate "2016.04.06"]
[EventType "match (blitz)"]
[EventRounds "26"]
[EventCountry "USA"]
[SourceTitle "EXT 2017"]
[Source "ChessBase"]
[SourceDate "2016.10.25"]
[SourceVersion "1"]
[SourceVersionDate "2016.10.25"]
[SourceQuality "1"]

1. d4 Nf6 2. c4 e6 3. Nf3 d5 4. Nc3 Nbd7 5. Bg5 Be7 6. e3 h6 7. Bh4 O-O 8. Qc2
c6 9. Rd1 a6 10. c5 Nh5 11. Bxe7 Qxe7 12. Be2 Nhf6 13. O-O e5 14. b4 Re8 15. a4
e4 16. Nd2 Nf8 17. b5 a5 18. Rb1 N6d7 19. Qa2 Qg5 20. Nd1 Ng6 21. f4 exf3 22.
Nxf3 Qd8 23. Bd3 Nh4 24. e4 Nxf3+ 25. Rxf3 dxe4 26. Rxf7 Kh8 27. Bc4 e3 28. Nc3
Nf6 29. Ne2 Re7 30. Rxe7 Qxe7 31. Rf1 Bg4 32. Nf4 Bf5 33. Qe2 Rd8 34. Be6 Be4
35. Qxe3 Qe8 36. Bc4 Rd7 37. bxc6 bxc6 38. d5 Rb7 39. d6 Rb2 40. Bd3 Rb4 41.
Bxe4 Rxe4 42. Qd3 Kg8 43. Nh3 Qe5 44. Nf2 Rd4 45. Qc3 Qd5 46. Qxa5 Rd2 47. h3
Nh5 48. Qd8+ Kh7 49. Qh4 Rd4 50. Ng4 Qxc5 51. Qf2 Qxd6 52. Qf5+ Qg6 53. Qxg6+
Kxg6 54. Ne5+ Kh7 55. Ra1 Nf6 56. a5 Nd7 57. Nxc6 Rc4 58. Ne7 Re4 59. Nd5 Re5
60. Nb4 Rb5 61. Nd3 Rd5 62. Ra3 Nb8 63. Nb4 Rd7 64. a6 Ra7 65. Kf2 Kg6 66. Ke3
Kh5 67. Kd4 Kh4 68. Kc5 Nxa6+ 69. Nxa6 g5 70. Kb6 Re7 71. Nc5 Re2 72. g4 h5 73.
gxh5 Kxh5 74. Nd7 Kh4 75. Kc6 g4 76. hxg4 Kxg4 77. Nf6+ Kf5 78. Nd5 Rc2+ 79.
Kd6 Rd2 80. Rf3+ Ke4 81. Rf4+ Kd3 82. Rh4 Ke2 83. Ke5 Kd3 84. Nf4+ Kc4 85. Rh8
Kb5 86. Nd5 Rg2 87. Ne3 Re2 88. Kd4 Kc6 89. Rh6+ Kd7 90. Nf5 Rd2+ 91. Ke5 Kc7
92. Rh7+ Kb6 93. Nd4 Rg2 94. Rh6+ Kc7 95. Ne6+ Kb7 96. Kd5 Rd2+ 97. Nd4 Kc7 98.
Rc6+ Kd7 99. Ra6 Ke7 100. Ke5 Kf7 101. Nf3 Rf2 102. Ng5+ Kg7 103. Ne4 Rf1 104.
Ng3 Re1+ 105. Kf5 Kf7 106. Ne4 Rf1+ 107. Ke5 Kg7 108. Nd2 Rf2 109. Nc4 Rf1 110.
Ne3 Re1 111. Kf4 Kf7 112. Nd5 Rf1+ 113. Ke4 Re1+ 114. Kf5 Rf1+ 115. Nf4 Ke7
116. Ra2 Kd6 117. Rd2+ Kc5 118. Ke5 Re1+ 119. Ne2 Kc6 120. Rc2+ Kd7 121. Kd5
Rh1 122. Ng3 Rd1+ 123. Ke5 Re1+ 124. Ne4 Kd8 125. Kd5 Kd7 126. Ke5 Kd8 127. Rc4
Kd7 128. Rc3 Kd8 129. Rc2 Kd7 130. Rc4 Re2 131. Kd5 Re1 132. Nc5+ Ke7 133. Re4+
Rxe4 134. Nxe4 1/2-1/2

[Event "chess.com gf blitz 5m+2spm"]
[Site "Chess.com INT"]
[Date "2016.04.06"]
[Round "6"]
[White "Aronian, Levon"]
[Black "Grischuk, Alexander"]
[Result "1-0"]
[WhiteElo "2784"]
[BlackElo "2752"]
[PlyCount "97"]
[EventDate "2016.04.06"]
[EventType "match (blitz)"]
[EventRounds "26"]
[EventCountry "USA"]
[SourceTitle "EXT 2017"]
[Source "ChessBase"]
[SourceDate "2016.10.25"]
[SourceVersion "1"]
[SourceVersionDate "2016.10.25"]
[SourceQuality "1"]

1. Nf3 Nf6 2. c4 g6 3. Nc3 Bg7 4. e4 e5 5. Nxe5 O-O 6. Nf3 Re8 7. d3 d5 8. cxd5
Nxd5 9. Nxd5 Qxd5 10. Be2 Qd6 11. O-O c5 12. Qc2 Nc6 13. Be3 b6 14. a3 Bg4 15.
Ng5 Be6 16. Nxe6 Qxe6 17. Kh1 Rad8 18. f4 Bd4 19. f5 Qe7 20. Qd2 Bxe3 21. Qxe3
Qe5 22. Rab1 Nd4 23. Qf2 gxf5 24. Bh5 f4 25. Bg4 Ne6 26. Rbd1 Kh8 27. Qh4 Qxb2
28. d4 Ng7 29. Rxf4 Rxd4 30. Rdf1 Rdxe4 31. Rxf7 Rg8 32. h3 Qe5 33. Rxa7 c4 34.
Qh6 Re1 35. Raf7 c3 36. Qc6 Qg3 37. R7f3 Rxf1+ 38. Rxf1 Qe3 39. a4 Qd2 40. Bd1
Re8 41. Bb3 h6 42. Qg6 Re1 43. Qf7 Rxf1+ 44. Qxf1 Qd8 45. Qc4 Nf5 46. Qxc3+ Qd4
47. Qc8+ Kg7 48. Qxf5 Qa1+ 49. Kh2 1-0

[Event "chess.com qf blitz 1m+1spm"]
[Site "Chess.com INT"]
[Date "2016.04.06"]
[Round "15"]
[White "Grischuk, Alexander"]
[Black "Aronian, Levon"]
[Result "1/2-1/2"]
[WhiteElo "2752"]
[BlackElo "2784"]
[PlyCount "59"]
[EventDate "2016.04.06"]
[EventType "match (blitz)"]
[EventRounds "26"]
[EventCountry "USA"]
[SourceTitle "EXT 2017"]
[Source "ChessBase"]
[SourceDate "2016.10.25"]
[SourceVersion "1"]
[SourceVersionDate "2016.10.25"]
[SourceQuality "1"]

1. g3 Nf6 2. Bg2 d5 3. Nf3 g6 4. c4 d4 5. b4 Bg7 6. d3 O-O 7. O-O a5 8. b5 Nfd7
9. a4 e5 10. Ba3 Re8 11. Nbd2 c5 12. Ne4 Qe7 13. e3 b6 14. exd4 exd4 15. Re1
Qf8 16. Nfg5 Ra7 17. Nxf7 Qxf7 18. Nd6 Rxe1+ 19. Qxe1 Qf8 20. Qe6+ Kh8 21. Nf7+
Kg8 22. Ng5+ Kh8 23. Nf7+ Kg8 24. Nd6+ Kh8 25. Re1 Rc7 26. Nf7+ Kg8 27. Nd6+
Kh8 28. Nf7+ Kg8 29. Nd6+ Kh8 30. Nf7+ 1/2-1/2

[Event "chess.com qf blitz 1m+1spm"]
[Site "Chess.com INT"]
[Date "2016.04.06"]
[Round "16"]
[White "Aronian, Levon"]
[Black "Grischuk, Alexander"]
[Result "1-0"]
[WhiteElo "2784"]
[BlackElo "2752"]
[PlyCount "102"]
[EventDate "2016.04.06"]
[EventType "match (blitz)"]
[EventRounds "26"]
[EventCountry "USA"]
[SourceTitle "EXT 2017"]
[Source "ChessBase"]
[SourceDate "2016.10.25"]
[SourceVersion "1"]
[SourceVersionDate "2016.10.25"]
[SourceQuality "1"]

1. e4 g6 2. d4 Bg7 3. Nf3 d6 4. c3 Nf6 5. Bd3 O-O 6. O-O Nc6 7. d5 Nb8 8. h3 c6
9. c4 a5 10. Nc3 Na6 11. Bg5 h6 12. Be3 Bd7 13. Qd2 g5 14. Nd4 Nc5 15. Bc2 a4
16. f4 Nh7 17. Kh1 Qa5 18. a3 Qa6 19. fxg5 hxg5 20. Qe2 e6 21. Nf3 g4 22. hxg4
Rae8 23. Bxc5 dxc5 24. d6 e5 25. Nh4 Qa5 26. Nf5 Qd8 27. g3 Qg5 28. Kg2 Re6 29.
Rh1 Rfe8 30. Rh4 Rg6 31. Ne7+ Rxe7 32. dxe7 Qxe7 33. Rd1 Ng5 34. Nxa4 Ne6 35.
Nb6 Qxh4 36. gxh4 Nf4+ 37. Kf2 Nxe2 38. Rxd7 Nd4 39. Bd1 Rf6+ 40. Ke1 Rf4 41.
Rxb7 Rxe4+ 42. Kd2 Rf4 43. Nd7 e4 44. Nxc5 Rf1 45. Nxe4 Ne6 46. g5 Be5 47. Nf6+
Kg7 48. Bh5 Nd8 49. Rd7 Rf2+ 50. Ke3 Rxb2 51. Rxd8 Rh2 1-0

[Event "chess.com qf blitz 1m+1spm"]
[Site "Chess.com INT"]
[Date "2016.04.06"]
[Round "17"]
[White "Grischuk, Alexander"]
[Black "Aronian, Levon"]
[Result "1-0"]
[WhiteElo "2752"]
[BlackElo "2784"]
[PlyCount "67"]
[EventDate "2016.04.06"]
[EventType "match (blitz)"]
[EventRounds "26"]
[EventCountry "USA"]
[SourceTitle "EXT 2017"]
[Source "ChessBase"]
[SourceDate "2016.10.25"]
[SourceVersion "1"]
[SourceVersionDate "2016.10.25"]
[SourceQuality "1"]

1. g3 Nf6 2. Bg2 d5 3. Nf3 c6 4. c4 dxc4 5. O-O g6 6. a4 Bg7 7. Na3 Be6 8. Qc2
Qd5 9. Ne1 Qd4 10. e3 Qg4 11. h3 Qf5 12. e4 Qh5 13. g4 Qc5 14. Nd3 Qd6 15. Nxc4
Bxc4 16. Qxc4 Nbd7 17. f4 e5 18. f5 O-O 19. Nf2 Rad8 20. d3 Nc5 21. Be3 Nxd3
22. Qc3 Nxf2 23. Rxf2 Nd7 24. g5 Rfe8 25. Raf1 Kh8 26. h4 f6 27. fxg6 hxg6 28.
Qb3 Nc5 29. Qf7 fxg5 30. Bxc5 Qxc5 31. Qxg6 Rf8 32. Bh3 Rxf2 33. Rxf2 g4 34.
Bxg4 1-0

[Event "chess.com qf blitz 1m+1spm"]
[Site "Chess.com INT"]
[Date "2016.04.06"]
[Round "18"]
[White "Aronian, Levon"]
[Black "Grischuk, Alexander"]
[Result "1-0"]
[WhiteElo "2784"]
[BlackElo "2752"]
[PlyCount "67"]
[EventDate "2016.04.06"]
[EventType "match (blitz)"]
[EventRounds "26"]
[EventCountry "USA"]
[SourceTitle "EXT 2017"]
[Source "ChessBase"]
[SourceDate "2016.10.25"]
[SourceVersion "1"]
[SourceVersionDate "2016.10.25"]
[SourceQuality "1"]

1. e4 c5 2. Nc3 d6 3. Nf3 a6 4. g3 g6 5. d4 cxd4 6. Nxd4 Bg7 7. Bg2 Nf6 8. O-O
O-O 9. h3 Nc6 10. Nde2 Bd7 11. Nd5 Rc8 12. a4 b5 13. axb5 axb5 14. Bd2 Nxd5 15.
exd5 Ne5 16. Ba5 Qe8 17. Bc3 Qd8 18. Bd4 b4 19. f4 Nc4 20. Bxg7 Kxg7 21. Qd4+
Kg8 22. Ra7 Bb5 23. Rf2 Rc7 24. b3 Na3 25. c4 Bxc4 26. bxc4 Rxc4 27. Qe3 Nc2
28. Qb3 Qc8 29. Rxe7 Qc5 30. f5 Ne1 31. Qe3 Rc2 32. Qxc5 dxc5 33. Nf4 b3 34.
Rxe1 1-0

[Event "chess.com qf blitz 1m+1spm"]
[Site "Chess.com INT"]
[Date "2016.04.06"]
[Round "19"]
[White "Grischuk, Alexander"]
[Black "Aronian, Levon"]
[Result "0-1"]
[WhiteElo "2752"]
[BlackElo "2784"]
[PlyCount "70"]
[EventDate "2016.04.06"]
[EventType "match (blitz)"]
[EventRounds "26"]
[EventCountry "USA"]
[SourceTitle "EXT 2017"]
[Source "ChessBase"]
[SourceDate "2016.10.25"]
[SourceVersion "1"]
[SourceVersionDate "2016.10.25"]
[SourceQuality "1"]

1. g3 Nf6 2. Nf3 d5 3. c4 d4 4. b4 a5 5. b5 c5 6. Bg2 Nbd7 7. O-O e5 8. e3 Bd6
9. d3 O-O 10. Re1 Rb8 11. exd4 exd4 12. Bg5 b6 13. Nbd2 h6 14. Bxf6 Nxf6 15.
Ne5 Bxe5 16. Rxe5 Bg4 17. Qf1 Re8 18. Rae1 Rxe5 19. Rxe5 Qd6 20. Qe1 Kf8 21. h3
Bd7 22. f4 Re8 23. g4 Rxe5 24. fxe5 Qe7 25. Nf3 Ne8 26. Qe4 Bc8 27. Qc6 Qc7 28.
Nd2 Be6 29. Qxc7 Nxc7 30. Kf2 Ke7 31. Bc6 Bd7 32. Be4 Ne6 33. h4 Nf4 34. Kf3 g5
35. hxg5 hxg5 0-1

[Event "chess.com qf blitz 1m+1spm"]
[Site "Chess.com INT"]
[Date "2016.04.06"]
[Round "20"]
[White "Aronian, Levon"]
[Black "Grischuk, Alexander"]
[Result "0-1"]
[WhiteElo "2784"]
[BlackElo "2752"]
[PlyCount "154"]
[EventDate "2016.04.06"]
[EventType "match (blitz)"]
[EventRounds "26"]
[EventCountry "USA"]
[SourceTitle "EXT 2017"]
[Source "ChessBase"]
[SourceDate "2016.10.25"]
[SourceVersion "1"]
[SourceVersionDate "2016.10.25"]
[SourceQuality "1"]

1. e4 c5 2. Nc3 Nc6 3. Nf3 g6 4. Bb5 Bg7 5. O-O d6 6. Re1 Bd7 7. Bxc6 Bxc6 8.
d4 cxd4 9. Nxd4 Nf6 10. Bg5 h6 11. Bh4 O-O 12. Qd2 Rc8 13. Rad1 Re8 14. Bxf6
Bxf6 15. Qxh6 Qa5 16. Nb3 Qg5 17. Qxg5 Bxg5 18. Rd3 Bf6 19. Na5 Rb8 20. Nd1 Bb5
21. Rd2 b6 22. Nb3 Rec8 23. c3 a5 24. Ne3 Kf8 25. Nd5 Bg7 26. Nd4 Be8 27. a3 b5
28. Nc2 Rc4 29. f3 Rc6 30. Rf2 Rc5 31. Rd1 Bd7 32. Nf4 Rbc8 33. Nd3 R5c7 34.
Ne3 Be6 35. Nf4 Bb3 36. Re1 Rb7 37. Nd3 Be6 38. h3 Bb3 39. f4 Bc4 40. Nc1 Be6
41. f5 gxf5 42. exf5 Bc4 43. Ne2 b4 44. axb4 axb4 45. Nxc4 Rxc4 46. Rf3 bxc3
47. bxc3 Rb5 48. Nd4 Rbc5 49. Ne2 Bxc3 50. Nxc3 Rxc3 51. Rxc3 Rxc3 52. Kf2 Ra3
53. h4 Ra4 54. g3 Rb4 55. Kf3 Rb7 56. g4 Rb3+ 57. Kf4 Rb4+ 58. Re4 Rb1 59. g5
Rf1+ 60. Kg4 f6 61. g6 e5 62. Ra4 d5 63. Ra8+ Ke7 64. Ra7+ Kd6 65. g7 Rg1+ 66.
Kh5 e4 67. Rf7 Ke5 68. Kh6 Kxf5 69. Kh7 e3 70. Re7 d4 71. g8=Q Rxg8 72. Kxg8
Kg4 73. h5 Kxh5 74. Re4 f5 75. Rxd4 e2 76. Rd5 e1=Q 77. Rxf5+ Kg6 0-1

[Event "chess.com qf blitz 1m+1spm"]
[Site "Chess.com INT"]
[Date "2016.04.06"]
[Round "21"]
[White "Grischuk, Alexander"]
[Black "Aronian, Levon"]
[Result "1-0"]
[WhiteElo "2752"]
[BlackElo "2784"]
[PlyCount "47"]
[EventDate "2016.04.06"]
[EventType "match (blitz)"]
[EventRounds "26"]
[EventCountry "USA"]
[SourceTitle "EXT 2017"]
[Source "ChessBase"]
[SourceDate "2016.10.25"]
[SourceVersion "1"]
[SourceVersionDate "2016.10.25"]
[SourceQuality "1"]

1. g3 Nf6 2. Nf3 d5 3. c4 c6 4. d4 dxc4 5. Bg2 g6 6. O-O Nbd7 7. Qc2 Nb6 8.
Nbd2 Bg7 9. Rd1 O-O 10. a4 a5 11. e4 Bg4 12. h3 Bxf3 13. Nxf3 e6 14. Be3 Nfd7
15. Nd2 Qe7 16. Nxc4 Nxc4 17. Qxc4 Ra6 18. d5 cxd5 19. exd5 Nb6 20. Qc5 Qxc5
21. Bxc5 Rc8 22. dxe6 Bxb2 23. e7 Bf6 24. Bxb7 1-0

[Event "chess.com qf blitz 1m+1spm"]
[Site "Chess.com INT"]
[Date "2016.04.06"]
[Round "22"]
[White "Aronian, Levon"]
[Black "Grischuk, Alexander"]
[Result "0-1"]
[WhiteElo "2784"]
[BlackElo "2752"]
[PlyCount "128"]
[EventDate "2016.04.06"]
[EventType "match (blitz)"]
[EventRounds "26"]
[EventCountry "USA"]
[SourceTitle "EXT 2017"]
[Source "ChessBase"]
[SourceDate "2016.10.25"]
[SourceVersion "1"]
[SourceVersionDate "2016.10.25"]
[SourceQuality "1"]

1. e4 c5 2. Nc3 a6 3. g3 g6 4. Bg2 Bg7 5. Nge2 Nc6 6. O-O d6 7. d3 e6 8. h3
Nge7 9. Be3 Nd4 10. Qd2 O-O 11. Rae1 Rb8 12. Nc1 b5 13. Nd1 b4 14. c3 bxc3 15.
bxc3 Ndc6 16. Bh6 a5 17. Bxg7 Kxg7 18. f4 a4 19. Ne3 Qb6 20. Nc4 Qc7 21. g4 f6
22. Ne3 e5 23. f5 g5 24. h4 h6 25. Rf3 Bd7 26. Rh3 Be8 27. Ne2 Bf7 28. d4 cxd4
29. cxd4 Nxd4 30. Nxd4 exd4 31. Qxd4 Qc5 32. Qxc5 dxc5 33. hxg5 hxg5 34. Nd5
Nxd5 35. exd5 Rfe8 36. Rxe8 Rxe8 37. Rc3 Re2 38. a3 Rd2 39. Rxc5 Rd4 40. Bf3
Rd3 41. Kf2 Rxa3 42. Be2 Rb3 43. d6 Rb6 44. d7 Rd6 45. Bb5 a3 46. Bc4 Bxc4 47.
Rxc4 Rxd7 48. Ra4 Rd2+ 49. Ke3 Rg2 50. Kf3 Ra2 51. Ra7+ Kf8 52. Ra6 Ke7 53.
Re6+ Kf7 54. Ra6 Ra1 55. Kf2 a2 56. Kg2 Ke7 57. Re6+ Kd7 58. Ra6 Kc7 59. Ra3
Kd6 60. Ra5 Kc6 61. Ra3 Kb5 62. Ra8 Kc4 63. Ra4+ Kb3 64. Ra8 Rc1 0-1

[Event "chess.com qf blitz 3m+2spm"]
[Site "Chess.com INT"]
[Date "2016.04.06"]
[Round "8"]
[White "Aronian, Levon"]
[Black "Grischuk, Alexander"]
[Result "1-0"]
[WhiteElo "2784"]
[BlackElo "2752"]
[PlyCount "67"]
[EventDate "2016.04.06"]
[EventType "match (blitz)"]
[EventRounds "26"]
[EventCountry "USA"]
[SourceTitle "EXT 2017"]
[Source "ChessBase"]
[SourceDate "2016.10.25"]
[SourceVersion "1"]
[SourceVersionDate "2016.10.25"]
[SourceQuality "1"]

1. d4 Nf6 2. Nf3 g6 3. Nc3 d5 4. Bf4 Bg7 5. e3 O-O 6. Nb5 Na6 7. h3 c6 8. Nc3
Nb8 9. Bd3 c5 10. O-O b6 11. Ne5 Bb7 12. Bh2 Nc6 13. Bb5 Rc8 14. Re1 e6 15.
Nxc6 Bxc6 16. Ba6 Ra8 17. a4 Qe7 18. Nb5 Bb7 19. Bd6 Qd7 20. Bxf8 Rxf8 21. Bxb7
Qxb7 22. Nc3 Rc8 23. Qd3 a6 24. Nb1 Ne4 25. c3 f5 26. Nd2 c4 27. Qc2 Rf8 28.
Nxe4 fxe4 29. b3 cxb3 30. Qxb3 Rf5 31. c4 Qf7 32. cxd5 exd5 33. Qxb6 h5 34.
Rac1 1-0

[Event "chess.com qf blitz 3m+2spm"]
[Site "Chess.com INT"]
[Date "2016.04.06"]
[Round "9"]
[White "Grischuk, Alexander"]
[Black "Aronian, Levon"]
[Result "1-0"]
[WhiteElo "2752"]
[BlackElo "2784"]
[PlyCount "85"]
[EventDate "2016.04.06"]
[EventType "match (blitz)"]
[EventRounds "26"]
[EventCountry "USA"]
[SourceTitle "EXT 2017"]
[Source "ChessBase"]
[SourceDate "2016.10.25"]
[SourceVersion "1"]
[SourceVersionDate "2016.10.25"]
[SourceQuality "1"]

1. d4 Nf6 2. c4 e6 3. Nf3 d5 4. Nc3 Nbd7 5. Bg5 Be7 6. e3 h6 7. Bh4 O-O 8. Qc2
c6 9. Rd1 a6 10. Be2 dxc4 11. Bxc4 b5 12. Be2 Bb7 13. O-O Rc8 14. Ne5 c5 15.
dxc5 Qe8 16. Nxd7 Nxd7 17. Bxe7 Qxe7 18. b4 Nxc5 19. bxc5 Qxc5 20. Rc1 b4 21.
Qb1 Bxg2 22. Kxg2 bxc3 23. Qe4 Rfd8 24. Rc2 Rd2 25. Rfc1 Rxc2 26. Rxc2 a5 27.
h4 h5 28. Qd4 g6 29. Qxc5 Rxc5 30. f4 Kg7 31. Kf3 f5 32. e4 fxe4+ 33. Kxe4 Kf6
34. Bd3 e5 35. fxe5+ Rxe5+ 36. Kd4 Re6 37. Rf2+ Kg7 38. Kxc3 Rc6+ 39. Kd4 Rd6+
40. Ke3 Kh6 41. Rg2 Kg7 42. a4 Kf7 43. Rg5 1-0

[Event "chess.com qf blitz 3m+2spm"]
[Site "Chess.com INT"]
[Date "2016.04.06"]
[Round "10"]
[White "Aronian, Levon"]
[Black "Grischuk, Alexander"]
[Result "1/2-1/2"]
[WhiteElo "2784"]
[BlackElo "2752"]
[PlyCount "149"]
[EventDate "2016.04.06"]
[EventType "match (blitz)"]
[EventRounds "26"]
[EventCountry "USA"]
[SourceTitle "EXT 2017"]
[Source "ChessBase"]
[SourceDate "2016.10.25"]
[SourceVersion "1"]
[SourceVersionDate "2016.10.25"]
[SourceQuality "1"]

1. d4 Nf6 2. Nf3 g6 3. Nc3 d5 4. Bf4 Bg7 5. e3 O-O 6. Nb5 Na6 7. h3 c6 8. Nc3
Nb8 9. Be2 c5 10. dxc5 Nbd7 11. O-O Nxc5 12. Be5 b6 13. Nd4 Bb7 14. Bf3 a6 15.
Nb3 Ncd7 16. Bh2 e6 17. Ne2 Qe7 18. c4 Rfd8 19. Rc1 Rac8 20. cxd5 Nxd5 21. Rxc8
Rxc8 22. Nf4 N7f6 23. Nd3 a5 24. Qb1 Ba6 25. Rd1 h5 26. Nd4 Bxd3 27. Qxd3 e5
28. Bxd5 Nxd5 29. Nf5 gxf5 30. Qxd5 Qe6 31. Bg3 Qxd5 32. Rxd5 f6 33. Rb5 Rc6
34. f4 Re6 35. Kf2 Kf7 36. Ke2 Ke7 37. Rd5 Rc6 38. Kd1 Ke6 39. Rb5 e4 40. Be1
Bf8 41. Rb3 Bc5 42. Rc3 Rd6+ 43. Ke2 Kd5 44. Rc2 Kc6 45. a4 Rd7 46. b4 axb4 47.
Bxb4 Rd3 48. Bxc5 bxc5 49. Ra2 Rd7 50. a5 Kb5 51. Kf2 c4 52. a6 Ra7 53. Rb2+
Kc5 54. Kg3 c3 55. Ra2 Kb4 56. Kh4 Kb3 57. Ra1 c2 58. Kxh5 Kb2 59. Rf1 Rxa6 60.
Kg6 Ra3 61. Kxf5 Rxe3 62. h4 Rg3 63. Kxe4 Rxg2 64. Kf5 Rh2 65. Kxf6 Rxh4 66. f5
Rf4 67. Rg1 Rd4 68. Ke5 Rd1 69. Rg2 Kc3 70. Rxc2+ Kxc2 71. f6 Rf1 72. Ke6 Kd3
73. f7 Ke4 74. Ke7 Rxf7+ 75. Kxf7 1/2-1/2

[Event "chess.com qf blitz 3m+2spm"]
[Site "Chess.com INT"]
[Date "2016.04.06"]
[Round "11"]
[White "Grischuk, Alexander"]
[Black "Aronian, Levon"]
[Result "1/2-1/2"]
[WhiteElo "2752"]
[BlackElo "2784"]
[PlyCount "108"]
[EventDate "2016.04.06"]
[EventType "match (blitz)"]
[EventRounds "26"]
[EventCountry "USA"]
[SourceTitle "EXT 2017"]
[Source "ChessBase"]
[SourceDate "2016.10.25"]
[SourceVersion "1"]
[SourceVersionDate "2016.10.25"]
[SourceQuality "1"]

1. d4 Nf6 2. c4 e6 3. Nf3 d5 4. Nc3 Nbd7 5. Bg5 Be7 6. e3 h6 7. Bh4 c6 8. Bd3
O-O 9. O-O a6 10. c5 e5 11. dxe5 Ne8 12. Bg3 Nxc5 13. Bc2 Bg4 14. Qd4 Bxf3 15.
gxf3 f5 16. exf6 Nxf6 17. Rad1 Qe8 18. e4 Ne6 19. Qd3 Ng5 20. h4 dxe4 21. fxe4
Rd8 22. Qe2 Ngh7 23. e5 Nh5 24. Qc4+ Kh8 25. Qe4 g6 26. Qxg6 Qxg6 27. Bxg6 Nxg3
28. fxg3 Rg8 29. Rxd8 Bxd8 30. Bxh7 Kxh7 31. Rf7+ Rg7 32. Rxg7+ Kxg7 33. Ne4
Kf7 34. Kg2 Ke6 35. Nc5+ Kxe5 36. Nxb7 Bb6 37. g4 c5 38. b3 Kd5 39. g5 hxg5 40.
hxg5 c4 41. bxc4+ Kxc4 42. Kf3 Bd4 43. Ke4 Bh8 44. Kf5 Kb4 45. g6 Ka3 46. Nc5
a5 47. Nb7 a4 48. Nc5 Kb4 49. Ne4 Ka3 50. Nc5 Kb4 51. Nxa4 Kxa4 52. Ke6 Ka3 53.
Kf7 Kxa2 54. g7 Bxg7 1/2-1/2

[Event "chess.com qf blitz 3m+2spm"]
[Site "Chess.com INT"]
[Date "2016.04.06"]
[Round "12"]
[White "Aronian, Levon"]
[Black "Grischuk, Alexander"]
[Result "0-1"]
[WhiteElo "2784"]
[BlackElo "2752"]
[PlyCount "72"]
[EventDate "2016.04.06"]
[EventType "match (blitz)"]
[EventRounds "26"]
[EventCountry "USA"]
[SourceTitle "EXT 2017"]
[Source "ChessBase"]
[SourceDate "2016.10.25"]
[SourceVersion "1"]
[SourceVersionDate "2016.10.25"]
[SourceQuality "1"]

1. d4 Nf6 2. Nf3 g6 3. Nc3 d5 4. Bf4 Bg7 5. e3 O-O 6. Nb5 Na6 7. h3 c6 8. Nc3
Nb8 9. Be2 c5 10. O-O cxd4 11. exd4 Nc6 12. Ne5 Bf5 13. Nxc6 bxc6 14. Na4 Nd7
15. c3 a5 16. Re1 Re8 17. Bd3 Bxd3 18. Qxd3 Qc8 19. Rad1 Qb7 20. b3 e6 21. Bd6
Qb5 22. Qg3 Rac8 23. h4 h5 24. Qf4 Bf8 25. Re3 Bxd6 26. Qxd6 c5 27. Rf3 Qc6 28.
Qf4 Rf8 29. Qh6 cxd4 30. cxd4 Qc2 31. Re1 Qxa2 32. Kh2 Qc2 33. Rf4 Qxb3 34. Nc5
Nxc5 35. dxc5 Qc3 36. Qg5 Qxe1 0-1